Suomen kunnat, joiden nimessä on useampi L - Statistics

Yleistilastot
  • Tätä visaa on pelattu 134 kertaa
  • Keskiarvotulos 8 / 10
Vastaustilastot
Maakunta Kunta % Oikein
Lappi Pello
90%
Pirkanmaa Lempäälä
87%
Lappi Salla
87%
Ahvenanmaa Lumparland
85%
Ahvenanmaa Lemland
84%
Pohjois-Savo Lapinlahti
82%
Päijät-Häme Hollola
75%
Varsinais-Suomi Laitila
70%
Pirkanmaa Mänttä-Vilppula
70%
Satakunta Ulvila
70%
Ehtoja vastaavia visoja ei löytynyt
Tulosjakauma
Jokaisen tuloksen saaneiden osuus
Persentiili vastausten määrän mukaan
Tuloshistoriasi
Et ole pelannut tätä visaa